• 首页
  • 本馆介绍
  • 公告通知
  • 最新文献
  • 馆藏检索
  • 电子资源
  • 读者导购
  • 参考咨询
  • 我的图书馆
  • 登录
  • 详细信息显示
  • 放入我的书架
  • 预约/预借图书
  • 作者相关作品
  • 分类相关作品
  • 丛书相关作品
  • 出版社相关作品

书目信息

  • 表格格式
  • 工作单格式
  • 卡片格式
题名:
最初和最终的自由
    
 
作者: 印度克里希那穆提 ;于自强
分册:  
出版信息: 上海   华东师大出版社出版社  2005
页数: 288页
开本: 21cm
丛书名:
单 册:
中图分类: B351.5
科图分类:
主题词: 哲学--亚洲
电子资源:
ISBN: 7-5617-4360-2
000 00624nam0 2200193 450
001 0728815141
005 20070819080015.14
010    @a7-5617-4360-2@d¥24.80
100    @a20070819d km y0chiy0120 ea
101 0  @achi
200 1  @a最初和最终的自由@Azui chu he zui zhong de zi you@f[印度]克里希那穆提@F[yin du]ke li xi na mu ti@g于自强@Gyu zi qiang
210    @a上海@c华东师大出版社出版社@d2005
215    @a288页@d21cm
606 0  @a哲学@x亚洲
690    @aB351.5@v3
701  0 @a印度克里希那穆提@Ayin du ke li xi na mu ti
702  0 @a于自强@Ayu zi qiang
801  0 @aCN@bPFT@c20070819
905    @a213230@dB351.5@eZW357@f1
    
    最初和最终的自由/[印度]克里希那穆提/于自强.-上海:华东师大出版社出版社,2005
    288页;21cm
    
    
    ISBN 7-5617-4360-2:¥24.80
    
●
相关链接 在E读中查询图书 在五车中查询图书 在当当中查询图书 在豆瓣中查询图书


正题名:最初和最终的自由     索取号:B351.5/ZW357         预约/预借

序号 登录号 条形码 馆藏地/架位号 状态 备注
1 7600524   276005243   密集书库-文学院/ [索取号:B351.5/ZW357] 在馆    
唐山师范学院图书馆 欢迎您!
大连网信软件有限公司© 版权所有